UK TV Sitcom 'Dinnerladies' - Statistics

General Stats
  • This quiz has been taken 165 times
  • The average score is 13 of 15
Answer Stats
Question Answer % Correct
Who created and wrote the series? Victoria Wood
100%
Maxine Peake played which kitchen assistant? Twinkle
96%
Who did Brenda leave with at the end of the series? Tony
95%
Who played the character of Petula Gordeno? Julie Walters
93%
What were the names of the two bread delivery people? Norman & Glenda
93%
Which character suffered a breakdown when her husband left her for a 'lipless dental hygienist'? Jean
91%
What secret did Bren reveal about herself in series 2? She was married
91%
What was the name of the secretary who would come into the canteen and ask for umpteen slices of buttered toast? Jane
89%
What was the name of the boss of the factory? Mr Michael
89%
Who played Dolly's Mother? Thora Hird
89%
Which TV channel made Dinnerladies? BBC 1
82%
Who played handyman Stan's Father? Eric Sykes
82%
Who played Petula's friend Babs from Urmston? Kate Robbins
67%
In which year was the first series screened? 1999
63%
Who played The Duke Of Danby who made a royal visit to the factory? Simon Williams
56%
No matching quizzes found
Score Distribution
Percent of People with Each Score
Percentile by Number Answered
Your Score History
You have not taken this quiz